Влияние анодного падения потенциала на структуру антибактериальных покрытий на основе серебросодержащего гидроксиапатита; Перспективы развития фундаментальных наук

Бібліографічні деталі
Parent link:Перспективы развития фундаментальных наук.— 2012.— [С. 113-115]
Автор: Иванова А. А. Анна Александровна
Інші автори: Грубова И. Ю. Ирина Юрьевна (научный руководитель), Шаронова А. А. Анна Александровна, Сурменев Р. А. Роман Анатольевич
Резюме:Заглавие с экрана
The nanocrystalline coatings on the basis of silver-doped hydroxyapatite were prepared by RF magnetron sputtering. The morphology, structure, elemental and phase composition of the films were studied. It was shown that thin films with the thickness of up to 400 nm due to chemical composition are similar to the composition of the target for sputtering. The additional electrical bias on the substrate leads to compaction of the coating andgrinding of its structure, which is confirmed by SEM, EDAX and spectroscopic ellipsometry. An increase in the potential drop in the anode dark sheath leads to an increase in the Ca/P ratio.
Мова:Російська
Опубліковано: 2012
Серія:Физика
Предмети:
Онлайн доступ:http://www.lib.tpu.ru/fulltext/c/2012/C21/034.pdf
Формат: Електронний ресурс Частина з книги
KOHA link:https://koha.lib.tpu.ru/cgi-bin/koha/opac-detail.pl?biblionumber=236398

MARC

LEADER 00000nla2a2200000 4500
001 236398
005 20250915140131.0
035 |a (RuTPU)RU\TPU\book\257560 
035 |a RU\TPU\book\257553 
090 |a 236398 
100 |a 20130424d2012 k y0rusy50 ca 
101 0 |a rus 
102 |a RU 
105 |a y z 101zy 
135 |a drcn ---uucaa 
181 0 |a i  
182 0 |a b 
200 1 |a Влияние анодного падения потенциала на структуру антибактериальных покрытий на основе серебросодержащего гидроксиапатита  |f А. А. Иванова, И. Ю. Грубова, А. А. Шаронова  |g науч. рук. Р. А. Сурменев  |d The influence of the anode potential drop on the structure of antibacterialcoatings on the basis of silver-doped hydroxyapatite 
203 |a Текст  |c электронный 
215 |a 1 файл(683 Кб) 
225 1 |a Физика 
300 |a Заглавие с экрана 
320 |a [Библиогр.: с. 115 (5 назв.)] 
330 |a The nanocrystalline coatings on the basis of silver-doped hydroxyapatite were prepared by RF magnetron sputtering. The morphology, structure, elemental and phase composition of the films were studied. It was shown that thin films with the thickness of up to 400 nm due to chemical composition are similar to the composition of the target for sputtering. The additional electrical bias on the substrate leads to compaction of the coating andgrinding of its structure, which is confirmed by SEM, EDAX and spectroscopic ellipsometry. An increase in the potential drop in the anode dark sheath leads to an increase in the Ca/P ratio. 
337 |a Adobe Reader 
463 1 |0 (RuTPU)RU\TPU\book\256864  |t Перспективы развития фундаментальных наук  |o сборник научных трудов IX Международной конференция студентов и молодых ученых, г. Томск, 24-27 апреля 2012 г.  |f Национальный исследовательский Томский политехнический университет (ТПУ)  |v [С. 113-115]  |l Prospects of fundamental sciences development  |d 2012 
510 1 |a The influence of the anode potential drop on the structure of antibacterialcoatings on the basis of silver-doped hydroxyapatite  |z eng 
610 1 |a электронный ресурс 
610 1 |a труды учёных ТПУ 
610 1 |a влияние 
610 1 |a анодное питание 
610 1 |a структура 
610 1 |a антибактериальные покрытия 
610 1 |a серебряные покрытия 
610 1 |a гидроксиапатит 
700 1 |a Иванова  |b А. А.  |c российский учёный в области теоретической и экспериментальной физики  |c инженер-исследователь Томского политехнического университета  |g Анна Александровна  |3 (RuTPU)RU\TPU\pers\28588 
701 1 |a Грубова  |b И. Ю.  |c физик  |c инженер-исследователь Томского политехнического университета  |f 1989-  |g Ирина Юрьевна  |3 (RuTPU)RU\TPU\pers\30457  |9 14782 
701 1 |a Шаронова  |b А. А.  |c физик  |c лаборант Томского политехнического университета  |f 1990-  |g Анна Александровна  |3 (RuTPU)RU\TPU\pers\30724  |9 14995 
702 1 |a Сурменев  |b Р. А.  |c физик  |c старший научный сотрудник Томского политехнического университета, доцент, кандидат физико-математических наук  |f 1982-  |g Роман Анатольевич  |4 727 
801 1 |a RU  |b 63413507  |c 20101016 
801 2 |a RU  |b 63413507  |c 20160216  |g RCR 
856 4 |u http://www.lib.tpu.ru/fulltext/c/2012/C21/034.pdf 
942 |c CF